| 000 | 00772nam a2200229 a 4500 | ||
|---|---|---|---|
| 001 | 65088 | ||
| 003 | BD-RjUL | ||
| 005 | 20211209081403.0 | ||
| 008 | 170227r19781972ii |||| |||| 000 0 ben d | ||
| 020 | _c: Tk. 12.50 | ||
| 035 | _a(BD-RjUL)65218 | ||
| 040 |
_aBD-RjUL _bben _cBD-RjUL _dBD-RjUL |
||
| 041 | _aben | ||
| 082 |
_223 _a891.443 _bJOU 1978 |
||
| 100 | 1 |
_aজরাসন্ধ _9175732 |
|
| 245 | 1 |
_aউত্তরাধিকার / _cজরাসন্ধ |
|
| 260 |
_aকলকাতা : _bপ্রকাশ ভবন, _c১৯৭২ [পুনঃমুদ্রণ ১৯৭৮] |
||
| 300 |
_a২৯১ পৃ. ; _c১৯ সেমি. |
||
| 650 |
_aবাংলা উপন্যাস _9170454 |
||
| 650 |
_aBengali Fiction _9170455 |
||
| 942 |
_2ddc _cBK |
||
| 999 |
_c65088 _d65088 |
||